| 000 | 00894nam a2200277 i 4500 | ||
|---|---|---|---|
| 001 | 12601 | ||
| 003 | ES-MaACL | ||
| 005 | 20240111183539.0 | ||
| 008 | 210805s2017 sp 00110 spa d | ||
| 020 | _a978-84-946734-2-9 | ||
| 080 | _a298.9 Nueva Era | ||
| 080 | _a299.94-584 | ||
| 080 | _a299.94-183.5 | ||
| 100 | 1 |
_aLlácer, Juan Luis. _9173088 |
|
| 245 | 1 | 3 |
_aLa misión del alma : _buna guía para el despertar / _cJuan Luis Llácer. |
| 250 | _a1ª ed. | ||
| 260 |
_aSamos [Lugo] : _bNous, _c2017. |
||
| 300 |
_a226 p. ; _c21 cm. |
||
| 650 |
_aNueva Era. _915641 |
||
| 650 | 4 |
_aAlma. _99739 |
|
| 650 | 4 |
_aVida espiritual. _912505 |
|
| 852 |
_aES-MaACL _jA-14675 _912917 _bR.152983 _cDEPO1 _dOlim: N-7675 _gDedicatoria autógrafa del autor _hDonación: Juan Luis Llácer |
||
| 903 |
_9173088 _aLlácer, Juan Luis _ednr |
||
| 942 |
_2udc _cMONOGRAFIA |
||
| 999 |
_c12601 _d12601 |
||